Every Team That a Ballon D'or Winner Has Played For - Statistics

General Stats
  • This quiz has been taken 76 times
  • The average score is 158 of 275
Answer Stats
Player Years at Club Country/
Federation
Team % Correct
Gianni Rivera 1960–1979 Italy AC Milan
98%
Paolo Rossi 1985–1986 Italy AC Milan
98%
Ruud Gullit 1987–1994 Italy AC Milan
98%
Marco Van Basten 1987–1995 Italy AC Milan
98%
Jean-Pierre Papin 1992–1994 Italy AC Milan
98%
Roberto Baggio 1995–1997 Italy AC Milan
98%
George Weah 1995–2000 Italy AC Milan
98%
Ronaldo 2007–2008 Italy AC Milan
98%
Rivaldo 2002–2003 Italy AC Milan
98%
Andriy Shevchenko 1999–2006,2008–2009 (on loan) Italy AC Milan
98%
Ronaldinho 2008–2011 Italy AC Milan
98%
Kaka 2003–2009,2013–2014 Italy AC Milan
98%
Luis Suarez 1961-1970 Italy Inter Milan
97%
Karl-Heinz Rummenigge 1984–1987 Italy Inter Milan
97%
Lothar Matthaus 1988–1992 Italy Inter Milan
97%
Roberto Baggio 1998–2000 Italy Inter Milan
97%
Matthias Sammer 1992–1993 Italy Inter Milan
97%
Ronaldo 1997–2002 Italy Inter Milan
97%
Luis Figo 2005–2009 Italy Inter Milan
97%
Fabio Cannavaro 2002–2004 Italy Inter Milan
97%
Omar Sivori 1957-1965 Italy Juventus
97%
Paolo Rossi 1973–1976,1981–1985 Italy Juventus
97%
Michel Platini 1982–1987 Italy Juventus
97%
Roberto Baggio 1990–1995 Italy Juventus
97%
Zinedine Zidane 1996–2001 Italy Juventus
97%
Pavel Nedved 2001–2009 Italy Juventus
97%
Fabio Cannavaro 2004–2006,2009-2010 Italy Juventus
97%
Cristiano Ronaldo 2018-2021 Italy Juventus
97%
Denis Law 1962-1973 England Manchester United
97%
Bobby Charlton 1956–1973 England Manchester United
97%
George Best 1963–1974 England Manchester United
97%
Michael Owen 2009–2012 England Manchester United
97%
Cristiano Ronaldo 2003-2009,2021-2022 England Manchester United
97%
Alfredo Di Stefano 1953-1964 Spain Real Madrid
97%
Raymond Kopa 1956-1959 Spain Real Madrid
97%
Ronaldo 2002–2007 Spain Real Madrid
97%
Zinedine Zidane 2001–2006 Spain Real Madrid
97%
Luis Figo 2000–2005 Spain Real Madrid
97%
Michael Owen 2004–2005 Spain Real Madrid
97%
Fabio Cannavaro 2006–2009 Spain Real Madrid
97%
Kaka 2009–2013 Spain Real Madrid
97%
Cristiano Ronaldo 2009-2018 Spain Real Madrid
97%
Luka Modric 2012- Spain Real Madrid
97%
Karim Benzema 2009–2023 Spain Real Madrid
97%
Luis Suarez 1955-1961 Spain Barcelona
95%
Johan Cruyff 1973–1978 Spain Barcelona
95%
Allan Simonsen 1979–1982 Spain Barcelona
95%
Hristo Stoichkov 1990–1995,1996–1998 Spain Barcelona
95%
Ronaldo 1996–1997 Spain Barcelona
95%
Rivaldo 1997–2002 Spain Barcelona
95%
Luis Figo 1995–2000 Spain Barcelona
95%
Lionel Messi 2004–2021 Spain Barcelona
95%
George Weah 1992–1995 France Paris Saint-Germain
95%
Ronaldinho 2001–2003 France Paris Saint-Germain
95%
Lionel Messi 2021–2023 France Paris Saint-Germain
95%
Ruud Gullit 1995-1998 England Chelsea
93%
George Weah 2000(on loan) England Chelsea
93%
Andriy Shevchenko 2006–2009 England Chelsea
93%
Raymond Kopa 1952-1962 UEFA France
93%
Michel Platini 1976–1987 UEFA France
93%
Jean-Pierre Papin 1986–1995 UEFA France
93%
Zinedine Zidane 1994–2006 UEFA France
93%
Karim Benzema 2007–2022 UEFA France
93%
Kevin Keegan 1971–1977 England Liverpool
93%
Michael Owen 1996–2004 England Liverpool
93%
Eusebio 1961-1973 UEFA Portugal
93%
Luis Figo 1991–2006 UEFA Portugal
93%
Cristiano Ronaldo 2003- UEFA Portugal
93%
Gerd Muller 1964–1979 Germany Bayern Munich
92%
Franz Beckenbauer 1964–1977 Germany Bayern Munich
92%
Karl-Heinz Rummenigge 1974–1984 Germany Bayern Munich
92%
Lothar Matthaus 1984–1988,1992–2000 Germany Bayern Munich
92%
Jean-Pierre Papin 1994–1996 Germany Bayern Munich
92%
Stanley Matthews 1934-1957 UEFA England
92%
Bobby Charlton 1958-1970 UEFA England
92%
Kevin Keegan 1972-1982 UEFA England
92%
Michael Owen 1998–2008 UEFA England
92%
Karim Benzema 2004–2009 France Lyon
92%
Luis Figo 1989–1995 Portugal Sporting CP
92%
Cristiano Ronaldo 2002-2003 Portugal Sporting CP
92%
Eusebio 1957-1960 Mozambique Sporting Lourenço Marques
92%
Ronaldo 1994–2011 CONMEBOL Brazil
90%
Rivaldo 1993–2003 CONMEBOL Brazil
90%
Ronaldinho 1999–2013 CONMEBOL Brazil
90%
Kaka 2002–2016 CONMEBOL Brazil
90%
Omar Sivori 1961-1962 UEFA Italy
90%
Gianni Rivera 1962–1974 UEFA Italy
90%
Paolo Rossi 1977–1986 UEFA Italy
90%
Roberto Baggio 1988–2004 UEFA Italy
90%
Fabio Cannavaro 1997–2010 UEFA Italy
90%
Johan Cruyff 1964–1973,1981-1983 Netherlands Ajax
89%
Marco Van Basten 1981–1987 Netherlands Ajax
89%
Ronaldinho 2003–2008 Spain Barcelona
89%
Karl-Heinz Rummenigge 1976–1986 UEFA West Germany
89%
Lothar Matthaus 1980–2000 UEFA West Germany
89%
Alfredo Di Stefano 1947 CONMEBOL Argentina
87%
Omar Sivori 1956-1957 CONMEBOL Argentina
87%
Lionel Messi 2005– CONMEBOL Argentina
87%
Matthias Sammer 1990–1997 UEFA Germany
87%
Gerd Muller 1966–1974 UEFA West Germany
87%
Franz Beckenbauer 1965–1977 UEFA West Germany
87%
Josef Masopust 1954-1966 UEFA Czechoslovakia
85%
George Best 1976,1977-1978 U.S.A. Los Angeles Aztecs
85%
Johan Cruyff 1979 U.S.A. Los Angeles Aztecs
85%
Lionel Messi 2023– U.S.A Inter Miami
84%
Luka Modric 2008-2012 England Tottenham Hotspur
84%
Oleg Blokhin 1969–1988 Ukraine Dynamo Kyiv
82%
Igor Belanov 1985–1989 Ukraine Dynamo Kyiv
82%
Andriy Shevchenko 1993–1999,2009–2012 Ukraine Dynamo Kyiv
82%
Johan Cruyff 1966-1977 UEFA Netherlands
82%
Ruud Gullit 1981-1994 UEFA Netherlands
82%
Marco Van Basten 1983–1992 UEFA Netherlands
82%
Matthias Sammer 1993–1998 Germany Borussia Dortmund
80%
Luka Modric 2006- UEFA Croatia
80%
Luis Suarez 1954-1955 Spain Espana Industrial
80%
Alfredo Di Stefano 1957-1961 UEFA Spain
80%
Luis Suarez 1957-1972 UEFA Spain
80%
Luka Modric 2003-2008 Croatia Dinamo Zagreb
79%
Lev Yashin 1950-1970 USSR Dynamo Moscow
79%
Lev Yashin 1954-1970 UEFA Soviet Union
79%
Igor Belanov 1985–1990 UEFA Soviet Union
79%
Jean-Pierre Papin 1986–1992 France Marseille
77%
George Weah 2000-2001 France Marseille
77%
Ruud Gullit 1985–1987 Netherlands PSV
77%
Ronaldo 1994–1996 Netherlands PSV
77%
Andriy Shevchenko 1995–2012 UEFA Ukraine
77%
Eusebio 1961-1975 Portugal Benfica
75%
Pavel Nedved 1996–2001 Italy Lazio
74%
Denis Law 1960-1961, 1973-1974 England Manchester City
74%
George Weah 2000 England Manchester City
74%
Oleg Blokhin 1972–1988 UEFA Soviet Union
74%
Omar Sivori 1965-1969 Italy Napoli
72%
Fabio Cannavaro 1991–1995 Italy Napoli
72%
George Weah 1986–2018 CAF Liberia
69%
Pavel Nedved 1994–2006 UEFA Czech Republic
67%
Florian Albert 1959-1974 UEFA Hungary
67%
Hristo Stoichkov 1998 Saudi Arabia Al-Nassr
66%
Cristiano Ronaldo 2023- Saudi Arabia Al Nassr
66%
Hristo Stoichkov 1986–1999 UEFA Bulgaria
66%
Bobby Charlton 1978 Australia Newcastle KB United
66%
Kevin Keegan 1982–1984 England Newcastle United
66%
Michael Owen 2005–2009 England Newcastle United
66%
Alfredo Di Stefano 1945-1949 Argentina River Plate
64%
Omar Sivori 1954-1957 Argentina River Plate
64%
Ronaldinho 2012–2014 Brazil Atlético Mineiro
62%
Allan Simonsen 1972–1986 UEFA Denmark
62%
Roberto Baggio 1985–1990 Italy Fiorentina
62%
Jean-Pierre Papin 1996–1998 France Bordeaux
57%
Zinedine Zidane 1992–1996 France Bordeaux
57%
Josef Masopust 1952-1968 Czech Republic Dukla Prague
57%
Pavel Nedved 1990–1992(on loan) Czech Republic Dukla Prague
57%
George Best 1964-1977 UEFA Northern Ireland
57%
Pavel Nedved 1992–1996 Czech Republic Sparta Prague
57%
Johan Cruyff 1983-1984 Netherlands Feyenoord
56%
Ruud Gullit 1982–1985 Netherlands Feyenoord
56%
Franz Beckenbauer 1977–1980,1983 U.S.A. New York Cosmos
54%
Lothar Matthaus 2000 U.S.A. New York MetroStars
54%
Matthias Sammer 1985–1990 Germany Dynamo Dresden
52%
Franz Beckenbauer 1980–1982 Germany Hamburger SV
52%
Kevin Keegan 1977–1980 Germany Hamburger SV
52%
Rivaldo 2004–2007 Greece Olympiacos
52%
Denis Law 1958-1974 UEFA Scotland
51%
Karim Benzema 2023– Saudi Arabia Al-Ittihad
49%
Hristo Stoichkov 1995–1996 Italy Parma
49%
Fabio Cannavaro 1995–2002 Italy Parma
49%
Stanley Matthews 1947-1961 England Blackpool
48%
Allan Simonsen 1972–1979 Germany Borussia Mönchengladbach
48%
Igor Belanov 1989–1991 Germany Borussia Mönchengladbach
48%
Lothar Matthaus 1979–1984 Germany Borussia Mönchengladbach
48%
Ronaldo 2009–2011 Brazil Corinthians
46%
Rivaldo 1993–1994(on loan) Brazil Corinthians
46%
Rivaldo 2011(on loan) Brazil São Paulo
46%
Kaka 2000–2003,2014 (on loan) Brazil Sao Paulo
46%
Ronaldinho 1998–2001 Brazil Grêmio
44%
Jean-Pierre Papin 1985–1986 Belgium Club Brugge
43%
Ronaldinho 2011–2012 Brazil Flamengo
41%
Michel Platini 1979–1982 France Saint-Étienne
41%
Roberto Baggio 1997–1998 Italy Bologna
39%
Florian Albert 1958-1974 Hungary Ferencváros
39%
Kaka 2014–2017 USA Orlando City
39%
Matthias Sammer 1986–1990 UEFA East Germany
38%
George Weah 1988–1992 France Monaco
38%
Hristo Stoichkov 1984–1990,1997–1998 (on loan) Bulgaria CSKA Sofia
36%
Ronaldinho 2015 Brazil Fluminense
36%
Rivaldo 2007–2008 Greece AEK Athens
34%
Luis Suarez 1970-1973 Italy Sampdoria
34%
Ruud Gullit 1993–1994(on loan), 1994-1995 Italy Sampdoria
34%
Rivaldo 1994–1996 Brazil Palmeiras
33%
Raymond Kopa 1951-1956, 1959-1967 France Reims
33%
Luis Suarez 1953-1954 Spain Deportivo La Coruna
31%
Rivaldo 1996–1997 Spain Deportivo La Coruña
31%
Igor Belanov 1979–1981 Ukraine SKA Odesa
31%
Stanley Matthews 1932-1947, 1961-1965 England Stoke City
31%
Michael Owen 2012–2013 England Stoke City
31%
Roberto Baggio 2000–2004 Italy Brescia
28%
Matthias Sammer 1990–1992 Germany VfB Stuttgart
28%
Ronaldo 1993–1994 Brazil Cruzeiro
26%
Rivaldo 2004 Brazil Cruzeiro
26%
Denis Law 1961-1962 Italy Torino
25%
Zinedine Zidane 1989–1992 France Cannes
23%
Kevin Keegan 1980–1982 England Southampton
23%
George Best 1975-1976 Ireland Cork Celtic
21%
George Best 1976-1977 England Fulham
21%
Pavel Nedved 1990–1992 Czech Republic Škoda Plzeň
21%
Allan Simonsen 1982–1983 England Charlton Athletic
18%
Hristo Stoichkov 2000–2002 U.S.A. Chicago Fire
16%
Alfredo Di Stefano 1964-1966 Spain Espanyol
16%
Fabio Cannavaro 2010–2011 UAE Al-Ahli
15%
Eusebio 1975 U.S.A. Boston Minutemen
15%
George Best 1979–1980 Scotland Hibernian
15%
Michel Platini 1972–1979 France Nancy
15%
Eusebio 1979-1980 U.S.A. New Jersey Americans
15%
Bobby Charlton 1974–1975 England Preston North End
15%
Stanley Matthews 1961, 1965 (on loan) USA/Canada Toronto City
15%
Eusebio 1975-1976 U.S.A. Toronto Metros-Croatia
15%
George Best 1983 Australia Brisbane Lions
13%
Eusebio 1975 Mexico Monterrey
13%
Bobby Charlton 1980 Australia Perth Azzurri
13%
Luka Modric 2003-2004(on loan) Bosnia andHerzegovina Zrinjski Mostar
13%
Paolo Rossi 1975–1976(on loan) Italy Como
11%
Hristo Stoichkov 2003 U.S.A. D.C. United
11%
Michel Platini 1988 AFC Kuwait
11%
George Best 1982–1983 England AFC Bournemouth
10%
George Best 1978–1979 U.S.A. Fort Lauderdale Strikers
10%
Gerd Muller 1979–1981 U.S.A. Fort Lauderdale Strikers
10%
Johan Cruyff 1981 Spain Levante
10%
Paolo Rossi 1979–1980(on loan) Italy Perugia
10%
Ronaldinho 2014–2015 Mexico Querétaro
10%
Johan Cruyff 1981 U.S.A. Washington Diplomats
10%
Raymond Kopa 1949-1951 France Angers
8%
Igor Belanov 1981–1985,1995–1996 Ukraine Chornomorets Odesa
8%
Igor Belanov 1991–1995 Germany Eintracht Braunschweig
8%
Paolo Rossi 1986–1987 Italy Hellas Verona
8%
Luka Modric 2004-2005 (on loan) Croatia Inter Zaprešić
8%
Eusebio 1976-1977 U.S.A. Las Vegas Quicksilvers
8%
Alfredo Di Stefano 1949-1953 Columbia Millonarios
8%
Karl-Heinz Rummenigge 1987–1989 Switzerland Servette
8%
Gerd Muller 1963–1964 Germany 1861 Nördlingen
7%
George Weah 2001–2003 UAE Al Jazira
7%
Alfredo Di Stefano 1945-1946 (on loan) Argentina Huracan
7%
Rivaldo 1992–1994,2014–2015 Brazil Mogi Mirim
7%
Rivaldo 2013 Brazil São Caetano
7%
Jean-Pierre Papin 1984–1985 France Valenciennes
7%
Paolo Rossi 1976–1980 Italy Vicenza
7%
Roberto Baggio 1982–1985 Italy Vicenza
7%
Gianni Rivera 1959–1960 Italy Alessandria
5%
Oleg Blokhin 1989–1990 Cyprus Aris Limassol
5%
Rivaldo 2008–2011 Uzbekistan Bunyodkor
5%
Ruud Gullit 1979–1982 Netherlands HFC Haarlem
5%
George Weah 1986–1987 Liberia Invincible Eleven
5%
George Best 1974 South Africa Jewish Guild
5%
Rivaldo 2012 Angola Kabuscorp
5%
George Best 1980–1981 U.S.A. San Jose Earthquakes
5%
Rivaldo 1991–1992 Brazil Santa Cruz
5%
Kevin Keegan 1968–1971 England Scunthorpe United
5%
George Weah 1987–1988 Cameroon Tonnerre Yaoundé
5%
Eusebio 1976 Portugal Beira-Mar
3%
Kevin Keegan 1985 Australia Blacktown City
3%
Bobby Charlton 1980 Australia Blacktown City FC
3%
George Weah 1984–1985 Liberia Bong Range United
3%
Jean-Pierre Papin 1998–1999 France Guingamp
3%
Hristo Stoichkov 1982–1983 Bulgaria Hebros Harmanli
3%
Denis Law 1956-1960 England Huddersfield Town
3%
Hristo Stoichkov 1998–1999 Japan Kashiwa Reysol
3%
George Weah 1985–1986 Liberia Mighty Barrolle
3%
George Weah 1981–1984 Liberia Young Survivors
3%
Lothar Matthaus 1978–1979,2018 Germany 1. FC Herzogenaurach
2%
Josef Masopust 1968-1970 Belgium Crossing Molenbeek
2%
Igor Belanov 1996–1997 Ukraine Metalurh Mariupol
2%
George Best 1975 England Stockport County
2%
Eusebio 1977-1978 Portugal União de Tomar
2%
Allan Simonsen 1971–1972,1983–1989 Denmark Vejle BK
2%
Oleg Blokhin 1988–1989 Austria Vorwärts Steyr
2%
Bobby Charlton 1976 Ireland Waterford
2%
Josef Masopust 1950-1952 Czech Republic ZSJ Technomat Teplice
2%
No matching quizzes found
Score Distribution
Percent of People with Each Score
Percentile by Number Answered
Your Score History
You have not taken this quiz